Investigación bibliográfica para la educación en derechos humanos

محفوظ في:
التفاصيل البيبلوغرافية
مؤلف مشترك: Corporación Nacional de Reparación y Conciliación (مؤلف)
التنسيق: كتاب
اللغة:الإسبانية
منشور في: Santiago Corporación Nacional de Reparación y Conciliación 1994
الموضوعات:
الوسوم: إضافة وسم
لا توجد وسوم, كن أول من يضع وسما على هذه التسجيلة!

MARC

LEADER 00000nam a2200000 a 4500
001 UCY4281
003 CL-VaPUC
008 950308e19940000CL |||||||||||||||||spa|d
082 0 4 |a 323.4016  |b COR  |2 21 
110 2 |a Corporación Nacional de Reparación y Conciliación  |e author  |9 332690 
245 1 0 |a Investigación bibliográfica para la educación en derechos humanos 
300 |a 204 p 
942 |c BK 
945 |d 19950308 00:00:00  |a rbrito 
260 |a Santiago  |b Corporación Nacional de Reparación y Conciliación  |c 1994 
650 7 |a DERECHOS HUMANOS BIBLIOGRAFIA  |2 CL-VaPUC  |9 332691 
583 |a last modification  |c 19950308 00:00:00  |k Rodrigo Vera 
999 |c 232183  |d 232181 
952 |0 0  |1 0  |4 0  |6 323_401600000000000_COR_1994  |7 0  |8 P  |9 236273  |a BIBEDU  |b BIBEDU  |c BIBEDU_PB  |d 2019-11-15  |i 303495K  |o 323.4016 COR 1994  |p 303495K  |r 2024-01-25  |w 2019-11-15  |y BK  |k EDU 
952 |0 0  |1 0  |4 0  |6 323_401600000000000_COR_1994  |7 0  |8 P  |9 236274  |a BIBEDU  |b BIBEDU  |c BIBEDU_PB  |d 2019-11-15  |i 3085112  |o 323.4016 COR 1994  |p 3085112  |r 2024-01-25  |w 2019-11-15  |y BK  |k EDU